Frontiers of stellar evolution (Record no. 10403)

MARC details
000 -LEADER
fixed length control field 00956nam a2200229Ia 4500
003 - CONTROL NUMBER IDENTIFIER
control field IN-BaIIA
008 - FIXED-LENGTH DATA ELEMENTS--GENERAL INFORMATION
fixed length control field 211028s9999 xx 000 0 eng d
020 ## - INTERNATIONAL STANDARD BOOK NUMBER
International Standard Book Number 0-937707-39-2
040 ## - CATALOGING SOURCE
Transcribing agency IIA Library
080 ## - UNIVERSAL DECIMAL CLASSIFICATION NUMBER
Universal Decimal Classification number 082.2:52
Item number ASP-20
111 ## - MAIN ENTRY--MEETING NAME
Meeting name or jurisdiction name as entry element Symposium in Celebration of the Fiftieth Anniversary of McDonald Observatory
Location of meeting Austin
Date of meeting or treaty signing 1989
9 (RLIN) 17685
245 #0 - TITLE STATEMENT
Title Frontiers of stellar evolution
Remainder of title proceedings of a symposium in celebration of the fiftieth anniversary of McDonald observatory of the University of Texas, Austin, 1989
Statement of responsibility, etc. edited by David L. Lambert
260 ## - PUBLICATION, DISTRIBUTION, ETC.
Place of publication, distribution, etc. San Francisco
Name of publisher, distributor, etc. Astronomical Society of the Pacific
Date of publication, distribution, etc. 1991
300 ## - PHYSICAL DESCRIPTION
Extent iv, 626p.
490 ## - SERIES STATEMENT
Series statement ASP conference series; v. 20
650 ## - SUBJECT ADDED ENTRY--TOPICAL TERM
Topical term or geographic name entry element Astronomy and Astrophysics Thesaurus
650 ## - SUBJECT ADDED ENTRY--TOPICAL TERM
Topical term or geographic name entry element Stellar evolution
650 ## - SUBJECT ADDED ENTRY--TOPICAL TERM
Topical term or geographic name entry element Stellar structure
700 ## - ADDED ENTRY--PERSONAL NAME
Personal name Lambert, David L., ed.
9 (RLIN) 17686
710 ## - ADDED ENTRY--CORPORATE NAME
Corporate name or jurisdiction name as entry element McDonald observatory
9 (RLIN) 17687
942 ## - ADDED ENTRY ELEMENTS (KOHA)
Koha item type Books
Holdings
Withdrawn status Lost status Damaged status Not for loan Home library Current library Shelving location Date acquired Total Checkouts Full call number Barcode Date last seen Price effective from Koha item type
        IIA Library-Bangalore IIA Library-Bangalore General Stacks 11/08/1992   082.2:52/ ASP-20 11313 05/11/2021 11/08/1992 Books

Powered by Koha